000 00904nam a2200217Ia 4500
005 20250404112418.0
008 240822s9999 xx 000 0 und d
020 _a9789383746002
_qpbk
041 _aeng
082 _a577
_bSIN
100 _aSingh
245 0 _aEcology, Environmental Science and Conservation
_cSingh
250 _a1st ed
260 _bS. Chand Publishing
_c2023
_aNew delhi
300 _axiv, 929 p. :
_bill.;
_c23 cm
504 _aindex
520 _aOver the years, the scope of our scientific understanding and technical skills in ecology and environmental science have widened significantly, with increasingly greater emphasis on societal issues. In this book, an attempt has been made to give basic concepts of ecology environmental science and various aspects of natural resource conservation.
650 _aEnvironmental Education
700 _aSingh
942 _cENGLISH
999 _c527717
_d527717